Vainqueur de l'Europa League - Statistiques

Statistiques générales
  • Ce quiz a été pris 2 829 fois
    473 depuis la dernière actualisation
  • Le résultat moyen est 13 sur 30
Statistiques - réponses
Nombres de titres Dernière fois vainqueur Club % Correct
7 2022/2023 Séville
92%
2 2018/2019 Chelsea
78%
1 2016/2017 Manchester United
76%
3 2017/2018 Atletico de Madrid
75%
3 2024/2025 Tottenham
72%
2 1985/1986 Real Madrid
66%
3 2000/2001 Liverpool
65%
3 1992/1993 Juventus
59%
2 2010/2011 Porto
59%
3 1997/1998 Inter Milan
57%
1 1995/1996 Bayern
52%
1 1991/1992 Ajax
49%
1 2020/2021 Villarreal
49%
1 2003/2004 Valence
45%
1 2023/2024 Atalanta Bergame
38%
1 1977/1978 Psv
35%
1 1988/1989 Naples
34%
2 2001/2002 Feyenoord
31%
1 1999/2000 Galatasaray
30%
1 1987/1988 Bayer Leverkusen
29%
2 1998/1999 Parme
25%
1 2007/2008 Zenit
25%
1 1981/1983 Anderlecht
21%
1 2004/2005 CSKA Moscou
19%
2 2021/2022 Frankfurt
18%
1 1996/1997 Schalke
17%
1 2008/2009 Shakhtar Donetsk
14%
2 1986/1987 Göteborg
9%
2 1978/1979 Mönchengladbach
8%
1 1980/1981 Ipswich
7%
Aucun quiz correspondant
Distribution des résultats
% des personnes avec chaque résultat
Percentile par nombre de réponses
Votre historique - résultats
Vous n’avez pas pris ce quiz depuis la dernière actualisation